000 00693nam a2200205 a 4500
001 000019839
005 20200929170147.0
008 100707s1984 ag r 000 0 spa d
020 _a9509097160
040 _aDO-SdBNP
_bspa
_cBNPHU
082 _axxxx
_bE337e
100 1 _aEhrlich, Paul
_942346
245 1 0 _aExtición :
_bcausas y consecuencias de la desaparición de las especies /
_cPaul Ehrlich , Anne Ehrlich ; traducción César Aira.
260 _aBuenos Aires, Argentina :
_bEditorial Fraterna,
_c1984.
300 _a404 p. ;
_c23 cm.
500 _aIncluye índice de nombres de animales.
700 1 _aEhrlich, Anne
_942347
700 1 _aAira, César,
_etr.
_942348
049 _aBNGR
999 _c19352
_d19352